00725nam a2200205 a 450000100100000000500170001000800410002702000150006804000250008308200150010810000240012324500380014726000770018530000330026249000290029550400290032483000360035395201130038999900170050200004250020201002040208.0131205s1991 sp ab 000 0 spa d a8479690232 aDO-SdBNPbspacBNPHU axxxxbxxxx1 aEnguix, Rosa96969713aEl antiguo Egipto /cRosa Enguix. aMadrid :bCompañía Europea de Comunicación e Información,c1991. a96 p. :bil., mapa ;c19 cm.1 aBiblioteca de el solv18 aBibliografía : p. [96] 0aBiblioteca de el soln18969698 001050718MOaGRbGRcCTd2013-12-05iLF1l0oxxxx xxxxp42500-10r2020-06-25w2020-06-25y1ZNo se presta c41989d41989